Aandhi (Record no. 18519)

MARC details
000 -LEADER
fixed length control field 02799ngm a2200481 4500
003 - CONTROL NUMBER IDENTIFIER
control field dpl
005 - DATE AND TIME OF LATEST TRANSACTION
control field 2008111703003.0
007 - PHYSICAL DESCRIPTION FIXED FIELD--GENERAL INFORMATION
fixed length control field DVD 4 3/4inch
008 - FIXED-LENGTH DATA ELEMENTS--GENERAL INFORMATION
fixed length control field ||||||sp199 xxu|||||c ||| 00| 0 ng d
010 ## - LIBRARY OF CONGRESS CONTROL NUMBER
LC control number DVD-001099-1101 & DVD-005570-5574
024 ## - OTHER STANDARD IDENTIFIER
Standard number or code SHE DVD 146
Terms of availability 169.00
035 ## - SYSTEM CONTROL NUMBER
System control number DVD-001099-1101
035 ## - SYSTEM CONTROL NUMBER
System control number DVD-005570-5574
040 ## - CATALOGING SOURCE
Original cataloging agency DPL
Transcribing agency DPL
082 ## - DEWEY DECIMAL CLASSIFICATION NUMBER
Classification number DVD / AAND
245 ## - TITLE STATEMENT
Title Aandhi
Statement of responsibility, etc Filmyug Pvt. Ltd. Presents
Medium [videorecording] DVD/
260 ## - PUBLICATION, DISTRIBUTION, ETC. (IMPRINT)
Name of publisher, distributor, etc Shemaroo Video Pvt. Ltd.
300 ## - PHYSICAL DESCRIPTION
Extent 1 videodisc DVD; (133 min.) :
Other physical details sd., col. ;
Dimensions 4 3/4 in.
Type of unit DVD
440 ## - SERIES STATEMENT/ADDED ENTRY--TITLE
Title Shemaroo Home Entertainment
500 ## - GENERAL NOTE
General note Digitally Re-Mastered From the Original Film
500 ## - GENERAL NOTE
General note Filmfare Award Winner
538 ## - SYSTEM DETAILS NOTE
System details note Dolby Digital 5.1 - Hindi Subtitles: English
650 ## - SUBJECT ADDED ENTRY--TOPICAL TERM
Topical term or geographic name as entry element Motion Picture
700 ## - ADDED ENTRY--PERSONAL NAME
Personal name Om Prakash, J
700 ## - ADDED ENTRY--PERSONAL NAME
Personal name Gulzar
700 ## - ADDED ENTRY--PERSONAL NAME
Personal name Sanjeev Kumar
700 ## - ADDED ENTRY--PERSONAL NAME
Personal name Burman, R.D.
700 ## - ADDED ENTRY--PERSONAL NAME
Personal name Sen, Suchitra
700 ## - ADDED ENTRY--PERSONAL NAME
Personal name Om Prakash
700 ## - ADDED ENTRY--PERSONAL NAME
Personal name Puri, Om Shiv
700 ## - ADDED ENTRY--PERSONAL NAME
Personal name Hangal, A.K.
942 ## - ADDED ENTRY ELEMENTS (KOHA)
Koha item type CD-ROMs, DVDs, VHS
Source of classification or shelving scheme Dewey Decimal Classification
Classification part DVD
Call number suffix AAND
Holdings
Withdrawn status Lost status Source of classification or shelving scheme Damaged status Not for loan Home library Current library Date acquired Source of acquisition Cost, normal purchase price Total Checkouts Full call number Barcode Date last seen Date checked out Copy number Cost, replacement price Price effective from Koha item type Total Renewals
    Dewey Decimal Classification     Central Library Central Library 17/11/2008 Purchase 169.00 20 DVD AAND DVD-001099 31/12/2009 10/12/2009 1 169.00 17/11/2008 CD-ROMs, DVDs, VHS  
    Dewey Decimal Classification     Janak Puri Janak Puri 09/01/2010 Pioneers/948/17-11-09/325/13-10-09 /30-11-09 169.00 11 DVD AAND DVD-005570 10/03/2014 15/02/2014 1 169.00 09/01/2010 CD-ROMs, DVDs, VHS  
    Dewey Decimal Classification     Karol Bagh Karol Bagh 09/01/2010 Pioneers/948/17-11-09/325/13-10-09 /30-11-09 169.00 13 DVD AAND DVD-005573 04/03/2012 19/02/2012 1 169.00 09/01/2010 CD-ROMs, DVDs, VHS  
    Dewey Decimal Classification     Narela Narela 09/01/2010 Pioneers/948/17-11-09/325/13-10-09 /30-11-09 169.00 4 DVD AAND DVD-005574 27/03/2012 13/03/2012 1 169.00 09/01/2010 CD-ROMs, DVDs, VHS  
    Dewey Decimal Classification     Patel Nagar Patel Nagar 17/11/2008 Purchase 169.00 6 DVD AAND DVD-001101 05/07/2014 24/03/2012 1 169.00 17/11/2008 CD-ROMs, DVDs, VHS  
    Dewey Decimal Classification     R.K.Puram-8 R.K.Puram-8 09/01/2010 Pioneers/948/17-11-09/325/13-10-09 /30-11-09 169.00 1 DVD AAND DVD-005571 07/01/2013 18/12/2012 1 169.00 09/01/2010 CD-ROMs, DVDs, VHS  
    Dewey Decimal Classification     Sarojini Nagar Sarojini Nagar 17/11/2008 Purchase 169.00 21 DVD AAND DVD-001100 30/09/2015 18/09/2015 1 169.00 17/11/2008 CD-ROMs, DVDs, VHS 4
    Dewey Decimal Classification     Vinoba Puri Vinoba Puri 09/01/2010 Pioneers/948/17-11-09/325/13-10-09 /30-11-09 169.00 2 DVD AAND DVD-005572 28/09/2015 02/09/2015 1 169.00 09/01/2010 CD-ROMs, DVDs, VHS  

© Delhi Public Library
Hit Counter
free hit counter